Alle Fernbahnhöfe in Österreich - Statistiken

Allgemein
  • Dieses Quiz wurde 243 mal gespielt
    230 seit der letzten Aktualisierung
  • Das Durchschnittsergebnis liegt bei 39 aus 123
Antwortstatistiken
BL Bahnhof % Korrekt
WN Wien Hbf
87%
SB Salzburg Hbf
82%
ST Graz Hbf
81%
Linz Hbf
80%
TI Innsbruck Hbf
77%
KT Klagenfurt Hbf
76%
St. Pölten Hbf
76%
VO Bregenz
73%
Wels Hbf
72%
KT Villach Hbf
70%
WN Wien Westbahnhof
70%
VO Feldkirch
64%
Amstetten
63%
WN Wien Meidling
63%
VO Dornbirn
61%
ST Bruck an der Mur
60%
Wiener Neustadt Hbf
60%
ST Leoben Hbf
59%
VO Bludenz
56%
TI Kufstein
54%
KT Spittal-Millstätter See
51%
TI Wörgl Hbf
51%
SB St. Johann im Pongau
50%
TI St. Johann in Tirol
50%
SB Hallein
49%
SB Bischofshofen
48%
ST Mürzzuschlag
47%
TI Kitzbühel
46%
SB Schwarzach-St. Veit
46%
SB Zell am See
46%
Attnang-Puchheim
44%
ST Liezen
43%
Tullnerfeld
43%
St. Valentin
42%
ST Judenburg
41%
TI Lienz
41%
TI Imst-Pitztal
40%
TI Landeck-Zams
40%
Vöcklabruck
40%
ST Kapfenberg
39%
ST Schladming
39%
TI St. Anton am Arlberg
39%
WN Wien Hütteldorf
39%
TI Jenbach
38%
Semmering
38%
ST Knittelfeld
36%
Flughafen Wien
35%
KT St. Veit an der Glan
35%
ST Leibnitz
33%
Gmunden
32%
ST Selzthal
31%
SB Bad Gastein
30%
SB Saalfelden
30%
KT Velden am W. See
30%
SB Golling-Abtenau
28%
SB Radstadt
28%
TI Ötztal
27%
ST Stainach-Irdning
27%
TI Telfs-Pfaffenhofen
27%
Bad Ischl
26%
KT Friesach
26%
SB Neumarkt am Wallersee
26%
ST Spielfeld-Straß
26%
SB Bad Hofgastein
25%
BG Jennersdorf
25%
KT Mallnitz-Obervellach
25%
ST St. Michael in OST.
25%
ST Unzmarkt
25%
Schärding
24%
Kirchdorf an der Krems
23%
KT Pörtschach am W. See
23%
SB Salzburg Süd
23%
SB Dorfgastein
22%
ST Fehring
22%
Freistadt
22%
ST Gleisdorf
22%
ST Stadt Rottenmann
22%
Spital am Pyhrn
21%
SB Eben im Pongau
20%
VO Langen am Arlberg
20%
Waidhofen an der Ybbs
20%
SB Werfen
20%
ST Bad Aussee
19%
ST Feldbach
19%
Rohr-Bad Hall
19%
Hallstatt
18%
KT Treibach-Althofen
17%
ST Admont
16%
Bad Goisern
16%
ST Graz Don Bosco
16%
KT Krumpendorf am W. See
16%
TI Seefeld in Tirol
16%
Windischgarsten
16%
Ebensee Landungsplatz
15%
Obertraun Dachsteinhöhlen
14%
SB Altenmarkt im Pongau
13%
ST Bad Mitterndorf
13%
ST Bad Mitterndorf-Heilbrunn
13%
ST Graz Ostbahnhof-Messe
13%
Hinterstoder
13%
Altmünster
12%
KT Oberdrauburg
12%
KT Greifenburg-Weißensee
11%
ST Hieflau
11%
Klaus an der Pyhrnbahn
11%
Pregarten
11%
Summerau
11%
WN Wien Stadlau
11%
TI Kirchberg in Tirol
10%
SB Böckstein
9%
KT Faak am See
9%
ST Weißenbach-St. Gallen
9%
Weyer an der Enns
9%
ST Haus im Ennstal
8%
Ulmerfeld-Hausmening
8%
Steeg-Gosau
7%
ST Gstatterboden i. N.
6%
ST Johnsbach i. N.
6%
Kefermarkt
6%
Neuhofen an der Krems
6%
ST Öblarn
6%
ST Tauplitz
6%
ST Kainisch
5%
Keine übereinstimmenden Quizze gefunden
Verteilung der Resultate
Anzahl Personen mit jedem Resultat
Perzentil nach korrekt beantworteten Fragen
Ihre Resultats-Entwicklung
Sie haben dieses Quiz seit der letzten Aktualisierung nicht gespielt